|
|
|
|
| LEADER |
02748nam a2200337 a 4500 |
| 001 |
17935 |
| 003 |
BD-DhAAL |
| 008 |
090506s2005 ne a b 001 0 eng d |
| 020 |
|
|
|a 0750663804
|
| 020 |
|
|
|a 9780750663809
|
| 040 |
|
|
|a BUF
|c BUF
|d BAKER
|d IXA
|d FNP
|d BD-DhAAL
|
| 082 |
|
|
|a 620.11
|
| 100 |
1 |
|
|a Ashby, M. F.
|9 42013
|
| 245 |
1 |
0 |
|a Engineering materials 1 :
|b an introduction to properties, applications and design /
|c Michael F. Ashby and David R.H. Jones.
|
| 246 |
3 |
|
|a Engineering materials one
|
| 250 |
|
|
|a Third editon
|
| 260 |
|
|
|a Amsterdam ;
|a Boston :
|b Elsevier Butterworth-Heinemann,
|c c2005.
|
| 300 |
|
|
|a xiv, 424 pages :
|b illustrations ;
|c 25 cm
|
| 504 |
|
|
|a Includes bibliographical references (pages [419]-420 and index.
|
| 526 |
|
|
|a MNS
|x Mahabobe Shobahani
Faculty Member of BRAC University
Course Name : Solid State Physics & Materials Science (APE 201)
|
| 541 |
1 |
|
|a D. S. Books International
|e 17935, 17736, 17737, 17738, 17739
|
| 650 |
|
0 |
|a Materials.
|9 42014
|
| 700 |
1 |
|
|a Jones, David R. H.
|q (David Rayner Hunkin),
|d 1945-
|9 42015
|
| 852 |
|
|
|a Ayesha Abed Library
|c General Stacks
|
| 942 |
|
|
|2 ddc
|c BK
|
| 999 |
|
|
|c 437
|d 437
|
| 952 |
|
|
|0 0
|1 0
|2 ddc
|4 0
|6 620_110000000000000_ASH_2006
|7 0
|8 NFIC
|9 397
|a BRACUL
|b BRACUL
|c GEN
|d 2009-05-06
|e D. S. Books International
|g 3764.00
|l 2
|m 1
|o 620.11 ASH
|p 3010017935
|q 2026-07-29
|r 2025-12-11
|s 2025-12-11
|t 1
|w 2009-05-06
|y BK
|x Requisitioned by Mahabobe Shobahani for the course named- "Solid State Physics & Materials Science (APE 201)".
|
| 952 |
|
|
|0 0
|1 0
|2 ddc
|4 0
|6 620_110000000000000_ASH_2006
|7 0
|8 NFIC
|9 10393
|a BRACUL
|b BRACUL
|c GEN
|d 2010-05-20
|e D. S. Books International
|g 3764.00
|l 1
|m 11
|o 620.11 ASH
|p 3010017936
|r 2025-09-03
|s 2024-10-22
|t 2
|w 2010-05-20
|y BK
|x Requisitioned by Mahabobe Shobahani for the course named- "Solid State Physics & Materials Science (APE 201)".
|
| 952 |
|
|
|0 0
|1 0
|2 ddc
|4 0
|6 620_110000000000000_ASH_2006
|7 0
|8 NFIC
|9 10394
|a BRACUL
|b BRACUL
|c GEN
|d 2010-05-20
|e D. S. Books International
|g 3764.00
|l 0
|o 620.11 ASH
|p 3010017937
|r 2010-05-20
|t 3
|w 2010-05-20
|y BK
|x Requisitioned by Mahabobe Shobahani for the course named- "Solid State Physics & Materials Science (APE 201)".
|
| 952 |
|
|
|0 0
|1 0
|2 ddc
|4 0
|6 620_110000000000000_ASH_2006
|7 0
|8 NFIC
|9 10395
|a BRACUL
|b BRACUL
|c GEN
|d 2010-05-20
|e D. S. Books International
|g 3764.00
|l 0
|o 620.11 ASH
|p 3010017938
|r 2010-05-20
|t 4
|w 2010-05-20
|y BK
|x Requisitioned by Mahabobe Shobahani for the course named- "Solid State Physics & Materials Science (APE 201)".
|
| 952 |
|
|
|0 0
|1 0
|2 ddc
|4 0
|6 620_110000000000000_ASH_2006
|7 0
|8 NFIC
|9 10396
|a BRACUL
|b BRACUL
|c GEN
|d 2010-05-20
|e D. S. Books International
|g 3764.00
|l 0
|o 620.11 ASH
|p 3010017939
|r 2010-05-20
|t 5
|w 2010-05-20
|y BK
|x Requisitioned by Mahabobe Shobahani for the course named- "Solid State Physics & Materials Science (APE 201)".
|